<?xml version="1.0" encoding="UTF-8"?>
<record
    xmlns:xsi="http://www.w3.org/2001/XMLSchema-instance"
    xsi:schemaLocation="http://www.loc.gov/MARC21/slim http://www.loc.gov/standards/marcxml/schema/MARC21slim.xsd"
    xmlns="http://www.loc.gov/MARC21/slim">

  <leader>00545nam a22001817a 4500</leader>
  <datafield tag="952" ind1=" " ind2=" ">
    <subfield code="0">0</subfield>
    <subfield code="1">0</subfield>
    <subfield code="2">ddc</subfield>
    <subfield code="4">0</subfield>
    <subfield code="7">0</subfield>
    <subfield code="8">FIC</subfield>
    <subfield code="a">MES</subfield>
    <subfield code="b">MES</subfield>
    <subfield code="c">MAL</subfield>
    <subfield code="d">2019-05-15</subfield>
    <subfield code="g">250.00</subfield>
    <subfield code="l">31</subfield>
    <subfield code="m">18</subfield>
    <subfield code="o">891.4434 TAG/C</subfield>
    <subfield code="p">40574</subfield>
    <subfield code="r">2026-01-06 11:37:45</subfield>
    <subfield code="s">2025-12-23</subfield>
    <subfield code="w">2019-10-10</subfield>
    <subfield code="y">BK</subfield>
    <subfield code="z">GR24R2</subfield>
  </datafield>
  <datafield tag="999" ind1=" " ind2=" ">
    <subfield code="c">40556</subfield>
    <subfield code="d">40556</subfield>
  </datafield>
  <controlfield tag="003">OSt</controlfield>
  <controlfield tag="005">20210315131335.0</controlfield>
  <controlfield tag="008">191010b           ||||| |||| 00| 0 eng d</controlfield>
  <datafield tag="020" ind1=" " ind2=" ">
    <subfield code="a">9788122613421</subfield>
  </datafield>
  <datafield tag="040" ind1=" " ind2=" ">
    <subfield code="c">oclc</subfield>
  </datafield>
  <datafield tag="082" ind1=" " ind2=" ">
    <subfield code="a">891.4434</subfield>
    <subfield code="b">TAG/C</subfield>
  </datafield>
  <datafield tag="100" ind1="1" ind2=" ">
    <subfield code="a">Tagore, Rabindranath</subfield>
    <subfield code="9">38</subfield>
    <subfield code="d">1861-1941</subfield>
  </datafield>
  <datafield tag="245" ind1=" " ind2=" ">
    <subfield code="a">Chokher Bali = A Grain Of Sand /</subfield>
    <subfield code="c">Rabindranath Tagore</subfield>
  </datafield>
  <datafield tag="260" ind1=" " ind2=" ">
    <subfield code="a">Thrissur:</subfield>
    <subfield code="b">Current Books,</subfield>
    <subfield code="c">2017.</subfield>
  </datafield>
  <datafield tag="300" ind1=" " ind2=" ">
    <subfield code="a">254p</subfield>
  </datafield>
  <datafield tag="700" ind1=" " ind2=" ">
    <subfield code="a">Njaliyath,Sunil</subfield>
  </datafield>
  <datafield tag="942" ind1=" " ind2=" ">
    <subfield code="2">ddc</subfield>
    <subfield code="c">BK</subfield>
    <subfield code="h">891.4434</subfield>
    <subfield code="i">TAG/C</subfield>
    <subfield code="k">891.4434</subfield>
    <subfield code="m">TAG/C</subfield>
  </datafield>
</record>
